Online
Catalog

La agricultura dominicana hacia el siglo XXI / (Record no. 16499)

MARC details
000 -CABECERA
campo de control de longitud fija 01135nam a2200301 i 4500
001 - NÚMERO DE CONTROL
campo de control 000016967
003 - IDENTIFICADOR DEL NÚMERO DE CONTROL
campo de control DO-SdBNP
005 - FECHA Y HORA DE LA ÚLTIMA TRANSACCIÓN
campo de control 20260213132833.0
007 - CAMPO FIJO DE DESCRIPCIÓN FÍSICA--INFORMACIÓN GENERAL
campo de control de longitud fija ta
008 - DATOS DE LONGITUD FIJA--INFORMACIÓN GENERAL
campo de control de longitud fija 100312s1998 dr a 001 0 spa d
040 ## - FUENTE DE LA CATALOGACIÓN
Centro catalogador/agencia de origen DO-SdBNP
Lengua de catalogación spa
Centro/agencia transcriptor BNPHU
Normas de descripción rda
041 ## - CÓDIGO DE LENGUA
Código de lengua del texto/banda sonora o título independiente spa
082 #4 - NÚMERO DE LA CLASIFICACIÓN DECIMAL DEWEY
Número de clasificación 630.7293
Número de documento/Ítem R789a
Número de edición 22
100 1# - ENTRADA PRINCIPAL--NOMBRE DE PERSONA
Nombre de persona Rosario, Juan
Término indicativo de función/relación autor
9 (RLIN) 14266
Código de función/relación aut.
245 13 - MENCIÓN DE TÍTULO
Título La agricultura dominicana hacia el siglo XXI /
Mención de responsabilidad, etc. Juan Rosario ; prólogo, Antonio Isa Conde.
264 ## - PRODUCCIÓN, PUBLICACIÓN, DISTRIBUCIÓN, FABRICACIÓN Y COPYRIGHT
Producción, publicación, distribución, fabricación y copyright Santo Domingo :
Nombre del de productor, editor, distribuidor, fabricante Mediabyte, S.A.,
Fecha de producción, publicación, distribución, fabricación o copyright 1998.
300 ## - DESCRIPCIÓN FÍSICA
Extensión 85 páginas :
Otras características físicas ilustraciones ;
Dimensiones 21 cm.
336 ## - TIPO DE CONTENIDO
Término de tipo de contenido texto
Código de tipo de contenido txt
Fuente rdacontent
337 ## - TIPO DE MEDIO
Nombre/término del tipo de medio sin mediación
Código del tipo de medio n
Fuente rdamedia
338 ## - TIPO DE SOPORTE
Nombre/término del tipo de soporte volumen
Código del tipo de soporte nc
Fuente rdacarrier
500 ## - NOTA GENERAL
Nota general Incluye datos biográficos del autor en la contracubierta
590 ## - NOTA LOCAL (RLIN)
Nota local Inventariado, 2026 /LP
650 #4 - PUNTO DE ACCESO ADICIONAL DE MATERIA--TÉRMINO DE MATERIA
Término de materia o nombre geográfico como elemento de entrada Agricultura
Subdivisión general Aspectos económicos
Subdivisión geográfica República Dominicana
9 (RLIN) 1508
650 #4 - PUNTO DE ACCESO ADICIONAL DE MATERIA--TÉRMINO DE MATERIA
Término de materia o nombre geográfico como elemento de entrada Agricultura
Subdivisión general Aspectos económicos
-- Estadísticas
Subdivisión geográfica República Dominicana
9 (RLIN) 37500
650 #4 - PUNTO DE ACCESO ADICIONAL DE MATERIA--TÉRMINO DE MATERIA
Término de materia o nombre geográfico como elemento de entrada Producción agropecuaria
Subdivisión geográfica República Dominicana
9 (RLIN) 19604
700 1# - PUNTO DE ACCESO ADICIONAL--NOMBRE DE PERSONA
Nombre de persona Conde, Antonio Isa,
Término indicativo de función/relación prologuista
9 (RLIN) 37501
Código de función/relación pr.
942 ## - ELEMENTOS DE PUNTO DE ACCESO ADICIONAL (KOHA)
Fuente del sistema de clasificación o colocación Dewey Decimal Classification
Tipo de ítem Koha Libro
Holdings
Estado de retiro Estado de pérdida Fuente del sistema de clasificación o colocación Restricciones de uso No para préstamo Código de colección Localización permanente Ubicación/localización actual Ubicación en estantería Fecha de adquisición Total de préstamos Signatura topográfica completa Código de barras Fecha visto por última vez Número de copia Precio válido a partir de Tipo de ítem Koha Fuente de adquisición
    Dewey Decimal Classification Préstamo en sala   Dominicana de Servicio Biblioteca Nacional Pedro Henríquez Ureña Biblioteca Nacional Pedro Henríquez Ureña Depósito 23.03.2010   BNPHU DS 630.7293 R789a 16967-30 25.06.2020 e. 3 25.06.2020 Libro  
    Dewey Decimal Classification Préstamo en sala   Dominicana de Servicio Biblioteca Nacional Pedro Henríquez Ureña Biblioteca Nacional Pedro Henríquez Ureña Depósito 01.04.2014   BNPHU DS 630.7293 R789a 16967-40 25.06.2020 e. 4 25.06.2020 Libro  
    Dewey Decimal Classification Excluido de préstamo   Patrimonio Dominicano Biblioteca Nacional Pedro Henríquez Ureña Biblioteca Nacional Pedro Henríquez Ureña Depósito 12.03.2010   BNPHU PD 630.7293 R789a 16967-10 25.06.2020   25.06.2020 Libro  
    Dewey Decimal Classification Excluido de préstamo   Patrimonio Dominicano Biblioteca Nacional Pedro Henríquez Ureña Biblioteca Nacional Pedro Henríquez Ureña Depósito 23.03.2010   BNPHU PD 630.7293 R789a 16967-20 25.06.2020 e. 2 25.06.2020 Libro Donado por FUNDI

Powered by Koha